000
00318nam a22001457a 4500
008
230630b ||||| |||| 00| 0 eng d
020
_a
9781323586532
041
_a
eng
080
_a
004
082
_a
004
100
_a
18
101
_a
SHKI
245
_a
WEB DEVELOPMENT AND DESIGN
_c
MORRIS .F.T
942
_2
udc
_c
BK
999
_c
60068
_d
60068